[Event "IV Open A Carnevale"]
[Site "Milano ITA"]
[Date "2013.02.13"]
[Round "1"]
[White "Andreoni, Giuseppe"]
[Black "Boer, Stefan"]
[WhiteElo "2121"]
[BlackElo "1918"]
[Result "1-0"]
[PlyCount "115"]
[EventDate "2013.02.13"]

1. e4 c6 2. d4 d5 3. Nc3 dxe4 4. Nxe4 Bf5 5. Ng3 Bg6 6. h4 h6 7. Nf3 Nd7 8. h5
Bh7 9. Bd3 Bxd3 10. Qxd3 Qc7 11. Bd2 e6 12. O-O-O Ngf6 13. Ne4 Nxe4 14. Qxe4
Nf6 15. Qe2 Bd6 16. g3 O-O-O 17. Kb1 Rhe8 18. c4 c5 19. dxc5 Qxc5 20. Be3 Qf5+
21. Ka1 Bc5 22. Bxc5 Qxc5 23. Ne5 Qc7 24. f4 Rxd1+ 25. Rxd1 Rd8 26. Rc1 Kb8 27.
a3 Qe7 28. c5 Nd5 29. c6 Rc8 30. Nd7+ Ka8 31. cxb7+ Kxb7 32. Qb5+ Nb6 33. Rxc8
Kxc8 34. Qc6+ Kd8 35. Nxb6 axb6 36. Qxb6+ Kc8 37. Qc6+ Kb8 38. Qb5+ Kc8 39.
Qc4+ Kd8 40. Qd4+ Ke8 41. Qxg7 Qc5 42. Qc3 Qxh5 43. Qc6+ Ke7 44. Qc7+ Ke8 45.
Qc6+ Ke7 46. a4 Qa5 47. Qb7+ Kf6 48. Qb3 Ke7 49. Qa3+ Ke8 50. Qb3 Ke7 51. Ka2
h5 52. Qb7+ Kf8 53. Qb5 Qe1 54. a5 Qxg3 55. a6 Qf3 56. a7 h4 57. Qb8+ Kg7 58.
a8=Q 1-0

[Event "IV Open A Carnevale"]
[Site "Milano ITA"]
[Date "2013.02.13"]
[Round "1"]
[White "Bonazzi, Edoardo"]
[Black "Marchini, Daniele"]
[WhiteElo "2040"]
[BlackElo "1871"]
[Result "1-0"]
[PlyCount "77"]
[EventDate "2013.02.13"]

1. Nf3 d5 2. c4 d4 3. g3 c5 4. b4 cxb4 5. a3 e6 6. axb4 Bxb4 7. Qa4+ Nc6 8. Bg2
Nge7 9. Ne5 Qd6 10. Nxc6 Nxc6 11. Na3 a6 12. Nb5 Qd7 13. Ba3 Rb8 14. Bxb4 axb5
15. Qxb5 Nxb4 16. Qxb4 Qe7 17. Qb6 e5 18. O-O O-O 19. Ra7 Rd8 20. d3 Bg4 21.
Re1 Qd6 22. Qxd6 Rxd6 23. Rxb7 Rxb7 24. Bxb7 Rb6 25. Bd5 Rb2 26. f3 Bd7 27. Kf2
g6 28. f4 Bf5 29. Kf3 exf4 30. Kxf4 h5 31. Ke5 Bg4 32. Bf3 Bxf3 33. exf3 Rxh2
34. Rc1 Kf8 35. c5 Ke7 36. Re1 Rg2 37. c6 Rc2 38. Kd5+ Kd8 39. Kd6 1-0

[Event "IV Open A Carnevale"]
[Site "Milano ITA"]
[Date "2013.02.13"]
[Round "1"]
[White "Brociner, Beniamino"]
[Black "Corso, Gabriele"]
[WhiteElo "1971"]
[BlackElo "1792"]
[Result "1-0"]
[PlyCount "63"]
[EventDate "2013.02.13"]

1. Nf3 Nf6 2. g3 g6 3. c4 Bg7 4. Bg2 d6 5. d4 O-O 6. O-O Nbd7 7. Nc3 e5 8. e4
a5 9. b3 Re8 10. Re1 exd4 11. Nxd4 Nc5 12. h3 Bxh3 13. Bxh3 Nfxe4 14. Nxe4 Nxe4
15. Be3 c5 16. Nb5 Bxa1 17. Qxa1 a4 18. Bh6 Nf6 19. Rb1 axb3 20. Rxb3 Qe7 21.
Re3 Qd8 22. Rf3 Re5 23. Bf4 Nd7 24. Nxd6 Qe7 25. Bxe5 Nxe5 26. Re3 Qxd6 27.
Qxe5 Qd1+ 28. Re1 Qd2 29. Qe2 Rxa2 30. Qxd2 Rxd2 31. Rb1 Rd4 32. Bf1 1-0

[Event "IV Open A Carnevale"]
[Site "Milano ITA"]
[Date "2013.02.13"]
[Round "1"]
[White "Cetta, Andrea"]
[Black "Guidi, Giacomo G."]
[WhiteElo "1839"]
[BlackElo "1990"]
[Result "1/2-1/2"]
[PlyCount "37"]
[EventDate "2013.02.13"]

1. d4 f5 2. c4 Nf6 3. g3 e6 4. Bg2 Bb4+ 5. Bd2 Qe7 6. Nc3 O-O 7. a3 Bxc3 8.
Bxc3 d6 9. Nf3 Ne4 10. Qc2 Nd7 11. Rd1 e5 12. dxe5 dxe5 13. O-O Nxc3 14. Qxc3
e4 15. Nd4 a6 16. Rd2 c5 17. Nc2 Nf6 18. Rfd1 Be6 19. Ne3 1/2-1/2

[Event "IV Open A Carnevale"]
[Site "Milano ITA"]
[Date "2013.02.13"]
[Round "1"]
[White "D'Avino, Luca"]
[Black "Sirena, Gianni"]
[WhiteElo "1870"]
[BlackElo "2008"]
[Result "1/2-1/2"]
[PlyCount "36"]
[EventDate "2013.02.13"]

1. c4 e5 2. e3 Nf6 3. Be2 Nc6 4. Nc3 Bb4 5. Nd5 O-O 6. a3 Be7 7. d3 Re8 8.
Nxe7+ Qxe7 9. e4 Nd4 10. Nf3 Nxf3+ 11. Bxf3 c5 12. Bg5 Qe6 13. O-O d6 14. Be2
h6 15. Be3 Ng4 16. Bxg4 Qxg4 17. Qxg4 Bxg4 18. f3 Bd7 1/2-1/2

[Event "IV Open A Carnevale"]
[Site "Milano ITA"]
[Date "2013.02.13"]
[Round "1"]
[White "Egli, Urs"]
[Black "Bisignano, Giuseppe"]
[WhiteElo "2099"]
[BlackElo "1894"]
[Result "1-0"]
[PlyCount "59"]
[EventDate "2013.02.13"]

1. e4 e5 2. f4 exf4 3. Nc3 g5 4. Bc4 Nf6 5. h4 g4 6. d3 d5 7. Nxd5 Nxd5 8. Bxd5
Bd6 9. Ne2 f3 10. gxf3 gxf3 11. Nf4 c6 12. Bb3 Qf6 13. Qxf3 Rg8 14. Qf2 Be5 15.
Ne2 Qe7 16. Bg5 Qc7 17. O-O-O Bg4 18. Rdf1 Bh5 19. Rhg1 a5 20. a3 Qd7 21. Nf4
Bd4 22. Nxh5 Rxg5 23. Qxf7+ Kd8 24. Qf8+ Kc7 25. Rxg5 Qh3 26. Qf4+ Kb6 27. Rg3
Qh2 28. c3 a4 29. Bc2 Bh8 30. Qf2+ 1-0

[Event "IV Open A Carnevale"]
[Site "Milano ITA"]
[Date "2013.02.13"]
[Round "1"]
[White "Falchi, Claudio"]
[Black "Barberi, Alessandro"]
[WhiteElo "1874"]
[BlackElo "2047"]
[Result "0-1"]
[PlyCount "38"]
[EventDate "2013.02.13"]

1. e4 g6 2. d4 Bg7 3. f4 d6 4. Nf3 c5 5. c3 Nf6 6. Bd3 O-O 7. O-O cxd4 8. cxd4
Nc6 9. Nc3 Bg4 10. Be3 e5 11. d5 Nd4 12. fxe5 dxe5 13. Rc1 Nh5 14. Qd2 Bxf3 15.
gxf3 Nf4 16. Bxf4 exf4 17. Qxf4 Qb6 18. Rf2 Rae8 19. Qd2 Nxf3+ 0-1

[Event "IV Open A Carnevale"]
[Site "Milano ITA"]
[Date "2013.02.13"]
[Round "1"]
[White "Fiori, Guido"]
[Black "Gongalov, Bojan"]
[WhiteElo "1907"]
[BlackElo "2118"]
[Result "0-1"]
[PlyCount "54"]
[EventDate "2013.02.13"]

1. Nf3 Nf6 2. g3 g6 3. Bg2 Bg7 4. d3 d5 5. O-O O-O 6. Nbd2 c5 7. c4 d4 8. b4
cxb4 9. a3 bxa3 10. Bxa3 Nc6 11. Qc2 Re8 12. Rfb1 e5 13. Ng5 Qc7 14. Nde4 Nxe4
15. Nxe4 Rd8 16. c5 Ne7 17. Nd6 Rxd6 18. cxd6 Qxc2 19. dxe7 Qa4 20. Bxb7 Bxb7
21. Rxb7 a5 22. Rab1 Re8 23. Bd6 f5 24. Rb8 Kf7 25. Rxe8 Qxe8 26. Rb8 Qxb8 27.
Bxb8 Kxe7 0-1

[Event "IV Open A Carnevale"]
[Site "Milano ITA"]
[Date "2013.02.13"]
[Round "1"]
[White "Motola, Jacopo"]
[Black "Miracola, Giorgia"]
[WhiteElo "2004"]
[BlackElo "1867"]
[Result "1-0"]
[PlyCount "59"]
[EventDate "2013.02.13"]

1. e4 Nf6 2. e5 Nd5 3. d4 d6 4. c4 Nb6 5. exd6 exd6 6. Nc3 Be7 7. Be3 O-O 8.
Nf3 c5 9. h3 d5 10. cxd5 cxd4 11. Nxd4 Nxd5 12. Nxd5 Qxd5 13. Qb3 Qa5+ 14. Bd2
Qe5+ 15. Qe3 Bf6 16. Qxe5 Bxe5 17. Be3 Rd8 18. O-O-O Bxd4 19. Rxd4 Rxd4 20.
Bxd4 Nc6 21. Bc3 Be6 22. b3 Rd8 23. Be2 Nd4 24. Bd1 Nb5 25. Be5 Nd4 26. Kb2 Nc6
27. Bc3 Nd4 28. a4 Kf8 29. Re1 b5 30. Re4 1-0

[Event "IV Open A Carnevale"]
[Site "Milano ITA"]
[Date "2013.02.13"]
[Round "1"]
[White "Orlando, Luigi"]
[Black "Pelizzola, Danilo"]
[WhiteElo "1878"]
[BlackElo "2093"]
[Result "1-0"]
[PlyCount "75"]
[EventDate "2013.02.13"]

1. Nf3 Nf6 2. g3 d5 3. Bg2 Bf5 4. d3 e6 5. O-O Be7 6. Nbd2 O-O 7. Nh4 Bg4 8. h3
Bh5 9. g4 Bg6 10. Nxg6 hxg6 11. e4 Nbd7 12. Qe2 dxe4 13. dxe4 e5 14. Nc4 c6 15.
Rd1 Qc7 16. Bg5 Rfd8 17. Rd2 Nc5 18. Rad1 Rxd2 19. Rxd2 Rd8 20. Rxd8+ Bxd8 21.
Qd2 Be7 22. Bxf6 gxf6 23. c3 Ne6 24. b4 Nf4 25. Kf1 Kg7 26. h4 b5 27. Ne3 a5
28. a3 axb4 29. cxb4 Qa7 30. Nc2 c5 31. bxc5 Bxc5 32. Bf3 Bxa3 33. h5 Bc5 34.
hxg6 fxg6 35. Be2 b4 36. Bc4 Qb7 37. g5 Qxe4 38. Qd7+ 1-0

[Event "IV Open A Carnevale"]
[Site "Milano ITA"]
[Date "2013.02.13"]
[Round "1"]
[White "Podetti, Davide"]
[Black "Petrone, Gianmario"]
[WhiteElo "1741"]
[BlackElo "1968"]
[Result "1/2-1/2"]
[PlyCount "50"]
[EventDate "2013.02.13"]

1. e4 c5 2. Nc3 d6 3. f4 Nc6 4. Nf3 g6 5. g3 Bg7 6. Bg2 e6 7. d3 Nge7 8. Bd2
O-O 9. O-O Nd4 10. Rb1 Nec6 11. Nxd4 Nxd4 12. Ne2 Bd7 13. c3 Nxe2+ 14. Qxe2 Re8
15. e5 d5 16. Be3 Rc8 17. c4 d4 18. Bd2 Bc6 19. b4 cxb4 20. Bxb4 b6 21. Rfc1
Bf8 22. Bxf8 Rxf8 23. Bxc6 Rxc6 24. Qe4 Rc5 25. Rb5 Qd7 1/2-1/2

[Event "IV Open A Carnevale"]
[Site "Milano ITA"]
[Date "2013.02.13"]
[Round "1"]
[White "Reale, Simone"]
[Black "Iudicello, Giovanni"]
[WhiteElo "1923"]
[BlackElo "2130"]
[Result "1-0"]
[PlyCount "81"]
[EventDate "2013.02.13"]

1. d4 Nf6 2. c4 g6 3. Nc3 Bg7 4. e4 d6 5. Nf3 O-O 6. Be2 e5 7. O-O Nc6 8. d5
Ne7 9. b4 Ne8 10. Nd2 f5 11. c5 f4 12. Bg4 Bxg4 13. Qxg4 h5 14. Qe2 Rf7 15. f3
g5 16. Nc4 Bf8 17. Bb2 Ng6 18. Na5 Rb8 19. c6 b6 20. Nb7 Qf6 21. a4 Rg7 22. a5
Nh4 23. Nb5 bxa5 24. Rxa5 g4 25. Kh1 Kh8 26. Rxa7 gxf3 27. gxf3 Rg2 28. Rf2 Rg7
29. Ra1 Be7 30. Rg1 Rxg1+ 31. Kxg1 Ra8 32. Bc3 Bd8 33. Kh1 Qg6 34. Rf1 Kh7 35.
Rg1 Qf7 36. Be1 Bf6 37. Bxh4 Bxh4 38. Qg2 Ra4 39. Qh3 Rxb4 40. Qxh4 Rxb5 41.
Nd8 1-0

[Event "IV Open A Carnevale"]
[Site "Milano ITA"]
[Date "2013.02.13"]
[Round "1"]
[White "Vezzosi, Paolo"]
[Black "Barolo, Andrea"]
[WhiteElo "2287"]
[BlackElo "1956"]
[Result "1-0"]
[PlyCount "115"]
[EventDate "2013.02.13"]

1. d4 Nf6 2. c4 g6 3. f3 d5 4. cxd5 Nxd5 5. e4 Nb6 6. Be3 Bg7 7. Nc3 O-O 8. Rc1
Nc6 9. d5 Nb8 10. Bd4 e6 11. Bxg7 Kxg7 12. dxe6 Qxd1+ 13. Rxd1 Bxe6 14. Nge2
Bc4 15. b3 Ba6 16. Nd4 Bxf1 17. Rxf1 Na6 18. Rf2 Rfe8 19. Rfd2 Re7 20. Kf2 Rae8
21. Ndb5 Nc5 22. b4 Ne6 23. Nd5 Nxd5 24. exd5 a6 25. Nc3 Nf4 26. Ne4 b6 27. g3
Nh5 28. Rc1 Nf6 29. Nxf6 Kxf6 30. Rc6+ Kg7 31. d6 Rd7 32. Rxc7 Rxc7 33. dxc7
Rc8 34. Rd7 b5 35. Ke3 Kf6 36. Rd6+ Ke7 37. Rxa6 Rxc7 38. Kd2 Rb7 39. Kc3 Rc7+
40. Kb3 Rb7 41. Rc6 h5 42. Rc5 Kd6 43. f4 Rb8 44. h4 Rb7 45. f5 Rb6 46. fxg6
fxg6 47. Rg5 Kc7 48. a4 bxa4+ 49. Kxa4 Ra6+ 50. Kb3 Rd6 51. Kc4 Kb6 52. b5 Rf6
53. Kd4 Ka5 54. Kc5 Rb6 55. Kc4 Rf6 56. Rd5 Rf3 57. Rd6 Rxg3 58. Ra6# 1-0

[Event "IV Open A Carnevale"]
[Site "Milano ITA"]
[Date "2013.02.14"]
[Round "2"]
[White "Barberi, Alessandro"]
[Black "Vezzosi, Paolo"]
[WhiteElo "2047"]
[BlackElo "2287"]
[Result "1/2-1/2"]
[PlyCount "72"]
[EventDate "2013.02.13"]

1. d4 Nf6 2. Nf3 g6 3. g3 Bg7 4. Bg2 c5 5. d5 b5 6. a4 b4 7. c4 bxc3 8. Nxc3 d6
9. O-O O-O 10. Re1 Na6 11. e4 Bg4 12. h3 Bxf3 13. Qxf3 Nb4 14. Qe2 Nd7 15. f4
c4 16. Be3 Nd3 17. Reb1 a6 18. a5 Rb8 19. Na4 Qxa5 20. Nc5 Qb5 21. Nxd7 Qxd7
22. Rxa6 Bxb2 23. Ra7 Rb7 24. Rxb7 Qxb7 25. Qc2 Qb5 26. Bf1 Rb8 27. Kh2 Qb3 28.
Bxd3 cxd3 29. Qxb3 Rxb3 30. Kg2 Rb4 31. Bd2 Rb6 32. Be3 Bd4 33. Rxb6 Bxb6 34.
Kf3 Ba5 35. Bd4 f5 36. exf5 gxf5 1/2-1/2

[Event "IV Open A Carnevale"]
[Site "Milano ITA"]
[Date "2013.02.14"]
[Round "2"]
[White "Barolo, Andrea"]
[Black "Marchini, Daniele"]
[WhiteElo "1956"]
[BlackElo "1871"]
[Result "1/2-1/2"]
[PlyCount "76"]
[EventDate "2013.02.13"]

1. e4 c5 2. c3 d5 3. exd5 Qxd5 4. d4 g6 5. Nf3 Bg7 6. Na3 Bg4 7. Bc4 Qe4+ 8.
Be3 cxd4 9. cxd4 Bxf3 10. gxf3 Qf5 11. Qb3 Nd7 12. Nb5 Rc8 13. Nxa7 Qa5+ 14.
Ke2 Qxa7 15. Bxf7+ Kf8 16. Rhc1 Rd8 17. Rc7 Bxd4 18. Rxb7 Nc5 19. Rxa7 Nxb3 20.
Bxb3 Bxa7 21. Bxa7 Nf6 22. Bb6 Rd6 23. Bc5 Rc6 24. Bb4 Kg7 25. Kf1 e6 26. Re1
Kf7 27. Re5 Rd8 28. Ra5 Nd5 29. Bd2 Kf6 30. h4 Rb8 31. Ra7 Rc7 32. Ra6 Kf5 33.
Bg5 Nf4 34. Bxf4 Kxf4 35. Kg2 Re7 36. Ra4+ Ke5 37. Re4+ Kd6 38. Rd4+ Ke5
1/2-1/2

[Event "IV Open A Carnevale"]
[Site "Milano ITA"]
[Date "2013.02.14"]
[Round "2"]
[White "Bisignano, Giuseppe"]
[Black "Napoli, Nicolo'"]
[WhiteElo "1894"]
[BlackElo "2263"]
[Result "0-1"]
[PlyCount "43"]
[EventDate "2013.02.13"]

1. e4 c6 2. d4 d5 3. Nc3 Nf6 4. e5 Ne4 5. Nxe4 dxe4 6. Bc4 Bf5 7. Bb3 e6 8. Ne2
Nd7 9. c4 Bb4+ 10. Bd2 Qa5 11. Nc3 Qc7 12. O-O Bxc3 13. Bxc3 Rd8 14. Qe2 c5 15.
Ba4 O-O 16. Bxd7 Rxd7 17. dxc5 Qxc5 18. b4 Qe7 19. Rfd1 Rd3 20. Rac1 Qh4 21.
Rxd3 exd3 22. Qe3 0-1

[Event "IV Open A Carnevale"]
[Site "Milano ITA"]
[Date "2013.02.14"]
[Round "2"]
[White "Boer, Stefan"]
[Black "Miracola, Giorgia"]
[WhiteElo "1918"]
[BlackElo "1867"]
[Result "1/2-1/2"]
[PlyCount "103"]
[EventDate "2013.02.13"]

1. d4 Nf6 2. Bf4 g6 3. e3 Bg7 4. h3 O-O 5. Nf3 d5 6. Bd3 c5 7. c3 Nc6 8. Nbd2
Re8 9. Ne5 Nd7 10. Nxc6 bxc6 11. Nf3 cxd4 12. exd4 e5 13. dxe5 f6 14. e6 Rxe6+
15. Be3 Ne5 16. O-O a5 17. Nxe5 fxe5 18. Be2 Re8 19. Bf3 Rb8 20. Qd2 a4 21. Bc5
Ba6 22. Rfe1 Qa5 23. Bb4 Qb6 24. Rac1 Bc4 25. Qc2 Bxa2 26. Qxa4 Bc4 27. Be2
Bxe2 28. Rxe2 c5 29. Ba3 Red8 30. Rd1 Rbc8 31. Rdd2 Kh8 32. Qd1 d4 33. cxd4
cxd4 34. Re4 Qc6 35. Qe2 Qd5 36. Qd3 Rc1+ 37. Kh2 Rdc8 38. Rde2 Qd7 39. Re1
R1c2 40. R4e2 Rxe2 41. Rxe2 Qf5 42. Qxf5 gxf5 43. g4 Bh6 44. Re1 d3 45. Bb4 d2
46. Rd1 Rc1 47. Rxd2 Bxd2 48. Bxd2 Rc2 49. Bc3 fxg4 50. Bxe5+ Kg8 51. hxg4
Rxf2+ 52. Kg3 1/2-1/2

[Event "IV Open A Carnevale"]
[Site "Milano ITA"]
[Date "2013.02.14"]
[Round "2"]
[White "Bonazzi, Edoardo"]
[Black "Andreoni, Giuseppe"]
[WhiteElo "2040"]
[BlackElo "2121"]
[Result "1-0"]
[PlyCount "69"]
[EventDate "2013.02.13"]

1. Nf3 c5 2. c4 g6 3. Nc3 Bg7 4. g3 Nc6 5. Bg2 d6 6. O-O Qd7 7. a3 b6 8. Rb1
Bxc3 9. dxc3 Bb7 10. Qd3 O-O-O 11. Rd1 f5 12. Ng5 e6 13. Bf4 e5 14. Bd5 Re8 15.
Bc1 Re7 16. Bxg8 Rxg8 17. Qxd6 Qxd6 18. Rxd6 h6 19. Nf3 e4 20. Nh4 Ne5 21. Bf4
Nxc4 22. Rxg6 Rxg6 23. Nxg6 Rd7 24. Bxh6 e3 25. Bxe3 Be4 26. Rc1 Nxb2 27. f3
Bb7 28. Ne5 Rd5 29. Bf4 Ba6 30. Kf2 Rd1 31. Rc2 Rb1 32. h4 Kd8 33. h5 Ke8 34.
h6 Kf8 35. Rd2 1-0

[Event "IV Open A Carnevale"]
[Site "Milano ITA"]
[Date "2013.02.14"]
[Round "2"]
[White "Brociner, Beniamino"]
[Black "Egli, Urs"]
[WhiteElo "1971"]
[BlackElo "2099"]
[Result "1-0"]
[PlyCount "141"]
[EventDate "2013.02.13"]

1. Nf3 d6 2. d4 Nd7 3. g3 e5 4. Bg2 Ngf6 5. c4 c6 6. Nc3 Qc7 7. e4 Be7 8. O-O
O-O 9. h3 a6 10. a4 a5 11. Be3 Re8 12. Qc2 Bf8 13. Rfd1 b6 14. Rac1 Ba6 15. Nd2
Rac8 16. Re1 g6 17. Qd1 Bg7 18. b3 exd4 19. Bxd4 Nc5 20. Nf1 Re6 21. f4 Ncd7
22. Qf3 Rce8 23. Nd5 Qd8 24. Nxf6+ Bxf6 25. Bf2 Nc5 26. Nd2 Bb2 27. Rcd1 Qf6
28. e5 dxe5 29. Bxc5 bxc5 30. Ne4 Qe7 31. f5 gxf5 32. Qxf5 Bd4+ 33. Kh2 Rg6 34.
Rf1 Rb8 35. Nf6+ Kh8 36. Be4 Rh6 37. Qg5 Be3 38. Qxe3 Rxf6 39. Rxf6 Qxf6 40.
Qxc5 Rg8 41. Rd6 Qg5 42. Qf2 Bc8 43. Qf6+ Qxf6 44. Rxf6 Kg7 45. Rd6 c5 46. Rd5
Bb7 47. Rxe5 Bxe4 48. Rxe4 Rb8 49. Re3 Kf6 50. Kg2 Kf5 51. Kf3 h5 52. Rd3 Ke6
53. Kf4 f6 54. Rd5 Rxb3 55. Rxh5 Rb4 56. Rxc5 Rxa4 57. Rc6+ Kd7 58. Rxf6 Rxc4+
59. Ke5 a4 60. Ra6 Rc3 61. Kf4 Rc4+ 62. Kg5 Rc3 63. Kh4 a3 64. g4 Kc7 65. g5
Kb7 66. Ra4 Kb6 67. g6 Rc6 68. Kh5 Rc5+ 69. Kh6 Rc3 70. h4 Kb5 71. Ra8 1-0

[Event "IV Open A Carnevale"]
[Site "Milano ITA"]
[Date "2013.02.14"]
[Round "2"]
[White "Gongalov, Bojan"]
[Black "Motola, Jacopo"]
[WhiteElo "2118"]
[BlackElo "2004"]
[Result "0-1"]
[PlyCount "100"]
[EventDate "2013.02.13"]

1. Nf3 d5 2. g3 Nf6 3. Bg2 g6 4. O-O Bg7 5. c4 c6 6. d4 O-O 7. Ne5 Be6 8. Qb3
Qb6 9. c5 Qc7 10. Nd3 Na6 11. Bf4 Qc8 12. Be5 Nc7 13. Rc1 Nh5 14. Bxg7 Kxg7 15.
Nd2 Nf6 16. Qd1 Bf5 17. Ne5 Nd7 18. f4 Nf6 19. Qf1 h5 20. h3 Nb5 21. e3 Nc7 22.
Kh2 Rh8 23. Nd3 Ne4 24. Nxe4 Bxe4 25. Ne1 Bxg2 26. Kxg2 f5 27. h4 Ne8 28. b4
Nf6 29. Nf3 Ne4 30. Ne5 a6 31. Qd3 Qc7 32. a4 Rhb8 33. Rc2 Rc8 34. Ra3 Ra7 35.
Rb3 b5 36. cxb6 Qxb6 37. b5 axb5 38. axb5 c5 39. dxc5 Rxc5 40. Rcb2 Rac7 41.
Nf3 Kf7 42. Nd4 Rc3 43. Qe2 e6 44. Rxc3 Nxc3 45. Qd3 Rc4 46. Rb3 Qa5 47. b6
Rxd4 48. Qxc3 Rd2+ 49. Kf3 Qa2 50. e4 fxe4+ 0-1

[Event "IV Open A Carnevale"]
[Site "Milano ITA"]
[Date "2013.02.14"]
[Round "2"]
[White "Guidi, Giacomo G."]
[Black "D'Avino, Luca"]
[WhiteElo "1990"]
[BlackElo "1870"]
[Result "1-0"]
[PlyCount "49"]
[EventDate "2013.02.13"]

1. e4 c5 2. Nf3 d6 3. d4 cxd4 4. Nxd4 Nf6 5. Nc3 e6 6. g3 a6 7. a4 Be7 8. Bg2
Bd7 9. O-O Nc6 10. Nb3 O-O 11. Kh1 b6 12. f4 Qc7 13. Qe2 Nb4 14. g4 Bc6 15. g5
Nd7 16. Nd4 Bb7 17. f5 Nc6 18. Nf3 Nde5 19. Nxe5 Nxe5 20. f6 Bd8 21. Qh5 Qc5
22. Rf4 Ng6 23. fxg7 Kxg7 24. Qh6+ Kh8 25. Rh4 1-0

[Event "IV Open A Carnevale"]
[Site "Milano ITA"]
[Date "2013.02.14"]
[Round "2"]
[White "Iudicello, Giovanni"]
[Black "Podetti, Davide"]
[WhiteElo "2130"]
[BlackElo "1741"]
[Result "1-0"]
[PlyCount "87"]
[EventDate "2013.02.13"]

1. e4 e5 2. Nf3 Nc6 3. Bb5 a6 4. Ba4 Nf6 5. O-O d6 6. Re1 Bd7 7. c3 Be7 8. d4
O-O 9. h3 Re8 10. Nbd2 Bf8 11. Bc2 h6 12. Nf1 g6 13. Ng3 Bg7 14. Be3 Kh7 15.
Qd2 Qe7 16. d5 Na5 17. Qe2 b6 18. Bd3 b5 19. b4 Nb7 20. a4 bxa4 21. Bxa6 Reb8
22. Ra3 c6 23. dxc6 Bxc6 24. Bd3 Nd8 25. Rea1 Qd7 26. Bd2 Rb7 27. c4 Rba7 28.
b5 Bb7 29. Be3 Ne6 30. Bxa7 Rxa7 31. Rxa4 Rxa4 32. Rxa4 Nf4 33. Qe3 Nxd3 34.
Qxd3 Qc7 35. Nd2 Nd7 36. Ra7 Qb6 37. Qa3 Nc5 38. Qa5 Qxa5 39. Rxa5 h5 40. f3
Bh6 41. Ngf1 f5 42. Ra7 fxe4 43. Nxe4 Nxe4 44. Rxb7+ 1-0

[Event "IV Open A Carnevale"]
[Site "Milano ITA"]
[Date "2013.02.14"]
[Round "2"]
[White "Lavorgna, Giovanni"]
[Black "Reale, Simone"]
[WhiteElo "2069"]
[BlackElo "1923"]
[Result "0-1"]
[PlyCount "56"]
[EventDate "2013.02.13"]

1. e4 c5 2. Nf3 d6 3. Bb5+ Nd7 4. c3 Ngf6 5. Qe2 a6 6. Ba4 g6 7. O-O Bg7 8. d4
b5 9. Bc2 Bb7 10. Nbd2 e5 11. a4 Qb6 12. Bd3 c4 13. Bc2 O-O 14. b3 exd4 15.
Nxd4 cxb3 16. Bxb3 bxa4 17. Bxa4 Nc5 18. Bc2 Rfe8 19. f3 Nd5 20. Rb1 Nxc3 21.
Rxb6 Bxd4+ 22. Qf2 Ne2+ 23. Kh1 Bxf2 24. Ba3 Nxe4 25. Nxe4 Bxb6 26. Nxd6 Re5
27. g3 Bd5 28. Bb2 Bd4 0-1

[Event "IV Open A Carnevale"]
[Site "Milano ITA"]
[Date "2013.02.14"]
[Round "2"]
[White "Pelizzola, Danilo"]
[Black "Falchi, Claudio"]
[WhiteElo "2093"]
[BlackElo "1874"]
[Result "1-0"]
[PlyCount "83"]
[EventDate "2013.02.13"]

1. e4 e6 2. d4 d5 3. exd5 exd5 4. Bd3 Bd6 5. Nf3 Nf6 6. O-O O-O 7. Bg5 Bg4 8.
Nbd2 Nbd7 9. c3 c6 10. Qc2 Qc7 11. Bh4 Bh5 12. Bg3 Bg6 13. Bxg6 hxg6 14. Bxd6
Qxd6 15. Rfe1 Rfe8 16. Rxe8+ Rxe8 17. Re1 Qf4 18. Rxe8+ Nxe8 19. Qd3 Nd6 20. g3
Qf5 21. Qxf5 gxf5 22. Kf1 Kf8 23. Ke2 Ke7 24. Ne1 Kf6 25. Nd3 Ne4 26. f3 Nxd2
27. Kxd2 Ke6 28. Ke3 g6 29. a4 b6 30. b4 a6 31. Kf4 f6 32. h4 Kf7 33. g4 fxg4
34. fxg4 Kg7 35. a5 b5 36. g5 f5 37. h5 gxh5 38. Kxf5 Kf7 39. Nf4 Nf8 40. g6+
Kg7 41. Nxh5+ Kg8 42. g7 1-0

[Event "IV Open A Carnevale"]
[Site "Milano ITA"]
[Date "2013.02.14"]
[Round "2"]
[White "Petrone, Gianmario"]
[Black "Cetta, Andrea"]
[WhiteElo "1968"]
[BlackElo "1839"]
[Result "1/2-1/2"]
[PlyCount "80"]
[EventDate "2013.02.13"]

1. e4 c5 2. Nf3 Nc6 3. d4 cxd4 4. Nxd4 Nf6 5. Nc3 e5 6. Ndb5 d6 7. Bg5 a6 8.
Na3 b5 9. Bxf6 gxf6 10. Nd5 Bg7 11. Bd3 Ne7 12. Nxe7 Qxe7 13. O-O O-O 14. c4 f5
15. cxb5 fxe4 16. Bxe4 Rb8 17. b6 Rxb6 18. Nc4 Rb4 19. Qxd6 Qxd6 20. Nxd6 Rxb2
21. Nxc8 Rxc8 22. Rfb1 Rcb8 23. h3 Rxb1+ 24. Rxb1 Rxb1+ 25. Bxb1 Bf8 26. Kf1
Kg7 27. Ke2 a5 28. f3 h6 29. Ke3 f6 30. Ke4 Bc5 31. Kd5 Bb4 32. Ke6 Bc5 33. h4
Bf2 34. h5 Bc5 35. g4 Be3 36. Kf5 Bd2 37. Bc2 Be3 38. Bb3 Bd2 39. Ke4 Bg5 40.
Kd3 Bf4 1/2-1/2

[Event "IV Open A Carnevale"]
[Site "Milano ITA"]
[Date "2013.02.14"]
[Round "2"]
[White "Sirena, Gianni"]
[Black "Orlando, Luigi"]
[WhiteElo "2008"]
[BlackElo "1878"]
[Result "1/2-1/2"]
[PlyCount "84"]
[EventDate "2013.02.13"]

1. e4 d6 2. d4 Nf6 3. Nc3 g6 4. f4 Bg7 5. Nf3 c5 6. Bb5+ Bd7 7. e5 Ng4 8. e6
fxe6 9. Ng5 Bxb5 10. Nxb5 Qa5+ 11. c3 Qxb5 12. Nxe6 Qd7 13. Qxg4 Kf7 14. f5 Bf6
15. d5 Na6 16. Ng5+ Bxg5 17. fxg6+ Ke8 18. Qxg5 hxg6 19. O-O Kd8 20. Rf7 Qe8
21. Rg7 Rg8 22. Rxg8 Qxg8 23. Bf4 Kd7 24. Re1 Re8 25. Qg4+ Kd8 26. c4 Qg7 27.
Qe2 Qd4+ 28. Be3 Qe5 29. Qd2 Qf5 30. Bg5 Nb4 31. a3 Nd3 32. Rf1 Qe4 33. b3 b6
34. Rd1 Ne5 35. Re1 Qg4 36. Qf4 Nf3+ 37. Qxf3 Qxg5 38. Qe3 Qh4 39. g3 Qg4 40.
Qf4 Qh5 41. Qf7 Qh6 42. Qf4 Qh5 1/2-1/2

[Event "IV Open A Carnevale"]
[Site "Milano ITA"]
[Date "2013.02.15"]
[Round "3"]
[White "Andreoni, Giuseppe"]
[Black "Sirena, Gianni"]
[WhiteElo "2121"]
[BlackElo "2008"]
[Result "1/2-1/2"]
[PlyCount "100"]
[EventDate "2013.02.13"]

1. e4 d6 2. d4 Nf6 3. Bd3 e5 4. c3 d5 5. dxe5 Nxe4 6. Nf3 Bf5 7. O-O Bc5 8. Qe2
Bg6 9. Be3 Nd7 10. Rd1 Qe7 11. c4 dxc4 12. Bxc4 O-O 13. Nbd2 Nxd2 14. Rxd2 Bxe3
15. Qxe3 Nb6 16. Bb3 a5 17. a3 Rfd8 18. Rad1 a4 19. Ba2 Bc2 20. Rxd8+ Rxd8 21.
Rxd8+ Qxd8 22. e6 fxe6 23. Qxe6+ Kh8 24. h3 Nc8 25. Ne5 Bg6 26. Kh2 Nd6 27.
Nxg6+ hxg6 28. Qxg6 Qf6 29. Qh5+ Qh6 30. Qc5 Qf4+ 31. Kg1 c6 32. Qh5+ Qh6 33.
Qxh6+ gxh6 34. Kf1 c5 35. Ke2 b5 36. Ke3 Kg7 37. Kf4 Kf6 38. Bd5 b4 39. g4 bxa3
40. bxa3 Nb5 41. Bc6 Nxa3 42. Bxa4 c4 43. Ke4 c3 44. Kd3 Nb1 45. Bc2 Nd2 46. f4
Nf3 47. Kxc3 Ng1 48. Kd3 Nxh3 49. Ke3 h5 50. gxh5 Nxf4 1/2-1/2

[Event "IV Open A Carnevale"]
[Site "Milano ITA"]
[Date "2013.02.15"]
[Round "3"]
[White "Cetta, Andrea"]
[Black "Gongalov, Bojan"]
[WhiteElo "1839"]
[BlackElo "2118"]
[Result "1-0"]
[PlyCount "23"]
[EventDate "2013.02.13"]

1. d4 Nf6 2. c4 g6 3. Nc3 d5 4. cxd5 Nxd5 5. e4 Nxc3 6. bxc3 Bg7 7. Nf3 c5 8.
Rb1 cxd4 9. cxd4 Qa5+ 10. Bd2 Qxa2 11. Qc1 Bd7 12. Bc4 1-0

[Event "IV Open A Carnevale"]
[Site "Milano ITA"]
[Date "2013.02.15"]
[Round "3"]
[White "Corso, Gabriele"]
[Black "Falchi, Claudio"]
[WhiteElo "1792"]
[BlackElo "1874"]
[Result "1-0"]
[PlyCount "105"]
[EventDate "2013.02.13"]

1. e4 e6 2. d4 d5 3. e5 c5 4. c3 Qb6 5. Nf3 Bd7 6. Be2 cxd4 7. cxd4 Bb5 8.
Bxb5+ Qxb5 9. Nc3 Qa6 10. Qa4+ Qxa4 11. Nxa4 Nd7 12. O-O Ne7 13. Bd2 Nc6 14.
Rac1 Be7 15. a3 O-O 16. Rc2 f6 17. exf6 gxf6 18. Bh6 Rfe8 19. Rd1 Rac8 20. Re2
Kf7 21. Bf4 Na5 22. Nc3 Nc4 23. Nb5 a6 24. Nc7 e5 25. dxe5 fxe5 26. Nxe5+ Ndxe5
27. Bxe5 Nxe5 28. Nxe8 Ng6 29. Rxe7+ Kxe7 30. Ng7 Kf6 31. Nh5+ Ke5 32. Ng3 Rc2
33. Re1+ Kd4 34. Nf5+ Kd3 35. Ne3 d4 36. Nxc2 Kxc2 37. Kf1 d3 38. Re8 Nf4 39.
g3 Nd5 40. Rd8 Nb6 41. b3 a5 42. a4 Kxb3 43. Rxd3+ Kc4 44. Ra3 Nd5 45. Ke2 Kb4
46. Ra1 b6 47. f4 Kb3 48. Kd3 Kb2 49. Kd4 Nb4 50. Rf1 Kb3 51. f5 Nc6+ 52. Kd5
Nd8 53. Rf4 1-0